000 00330nam a2200145Ia 4500
100 _aZbar/ P.B. & others
650 _aElectrical Engineering
942 _cBK
654 _aelectronics
245 _aBasic Electronics 7/e
260 _bTata Mc Graw hill
_aNew Delhi
_c1994
300 _a381
546 _aENGLISH
999 _c31400
_d31400